Porovnanie poskytovania investičnej pomoci vo V4 regióne diplomová práca

Enregistré dans:
Détails bibliographiques
Auteur principal: Kosa, Bálint
Collectivité auteur: Obchodná fakulta EU. Katedra medzinárodného obchodu
Autres auteurs: Vargová, Andrea
Format: Livre
Langue:slovaque
Publié: Bratislava 2017
Tags: Ajouter un tag
Pas de tags, Soyez le premier à ajouter un tag!

MARC

LEADER 00000nbm a2200000 4500
001 0230713
005 20180830101340.4
041 0 |a slo 
044 |a SK 
245 1 0 |a Porovnanie poskytovania investičnej pomoci vo V4 regióne  |b diplomová práca  |c Bálint Kosa ; Školiteľ: Andrea Vargová 
264 1 |a Bratislava  |c 2017 
300 |a 75 s. 
100 1 |a Kosa, Bálint 
700 1 |a Vargová, Andrea 
710 2 |a Obchodná fakulta EU. Katedra medzinárodného obchodu